EL CUERPO DE LA MUJER : (Registro nro. 32655)

Detalles MARC
000 -CABECERA
campo de control de longitud fija 01048nam a2200277Ia 4500
005 - FECHA Y HORA DE LA ÚLTIMA TRANSACCIÓN
campo de control 20260129185602.0
008 - DATOS DE LONGITUD FIJA--INFORMACIÓN GENERAL
campo de control de longitud fija 210422s2002 mx aod|gr 001 0 spa d
020 ## - NÚMERO INTERNACIONAL ESTÁNDAR DEL LIBRO
Número Internacional Estándar del Libro 968-19-1096-6
040 ## - FUENTE DE LA CATALOGACIÓN
Centro catalogador/agencia de origen BPGM
Lengua de catalogación spa
041 ## - CÓDIGO DE LENGUA
Código de lengua del texto/banda sonora o título independiente spa
Código de lengua original eng
082 ## - NÚMERO DE LA CLASIFICACIÓN DECIMAL DEWEY
Número de clasificación 613.04244 / C83
100 ## - ENTRADA PRINCIPAL--NOMBRE DE PERSONA
Nombre de persona STOPPARD, MIRIAM
Término indicativo de función/relación DRA.
245 #0 - MENCIÓN DE TÍTULO
Título EL CUERPO DE LA MUJER :
Resto del título UN MANUAL PARA TODA LA VIDA
260 ## - PUBLICACIÓN, DISTRIBUCIÓN, ETC.
Lugar de publicación, distribución, etc. MÉXICO :
Nombre del editor, distribuidor, etc. AGUILAR ,
Fecha de publicación, distribución, etc. 2002 .
300 ## - DESCRIPCIÓN FÍSICA
Extensión 224 páginas ;
Dimensiones 19..2 x 24 cm
336 ## - TIPO DE CONTENIDO
Fuente rdacontent
Término de tipo de contenido texto
Código de tipo de contenido txt
337 ## - TIPO DE MEDIO
Fuente rdamedia
Nombre/término del tipo de medio sin mediación
Código del tipo de medio n
338 ## - TIPO DE SOPORTE
Fuente rdacarrier
Nombre/término del tipo de soporte volumen
Código del tipo de soporte nc
490 0# - MENCIÓN DE SERIE
Mención de serie AGUILAR
505 ## - NOTA DE CONTENIDO CON FORMATO
Nota de contenido con formato EL CUERPO FEMENINO ES UNA MARAVILLA SIN PARALELO.<br/>ES FUENTE DE LA VIDA HUMANA , UN OBJETO DE FASCINACIÓN, ADMIRACIÓN Y DESEO CONSTANTES, ADEMÁS DE CONSTITUIR LA ESENCIA DE UNA ENORME CANTIDAD DE LOGROS FÍSICOS Y CREATIVOS.
650 ## - PUNTO DE ACCESO ADICIONAL DE MATERIA--TÉRMINO DE MATERIA
Término de materia o nombre geográfico como elemento de entrada TECNOLOGÍA (CIENCIAS APLICADAS)
650 ## - PUNTO DE ACCESO ADICIONAL DE MATERIA--TÉRMINO DE MATERIA
Término de materia o nombre geográfico como elemento de entrada CIENCIAS MÉDICAS MEDICINA
650 ## - PUNTO DE ACCESO ADICIONAL DE MATERIA--TÉRMINO DE MATERIA
Término de materia o nombre geográfico como elemento de entrada PROMOCIÓN DE SALIUD
700 ## - PUNTO DE ACCESO ADICIONAL--NOMBRE DE PERSONA
Nombre de persona SAUNDERS , ROS
Numeración DISEÑO
942 ## - ELEMENTOS DE PUNTO DE ACCESO ADICIONAL (KOHA)
Tipo de ítem Koha General jóvenes y Adultos
Fuente del sistema de clasificación o colocación Dewey Decimal Classification
Existencias
Estado de retiro Estado de pérdida Fuente del sistema de clasificación o colocación Estado dañado No para préstamo Código de colección Localización permanente Ubicación/localización actual Ubicación en estantería Fecha de adquisición Fuente de adquisición Signatura topográfica completa Código de barras Fecha visto por última vez Número de copia Precio válido a partir de Tipo de ítem Koha
    Dewey Decimal Classification     Colección General BFC BIBLIOTECA PÚBLICA CENTRAL ESTATAL “FRANCISCO CERVANTES” BIBLIOTECA PÚBLICA CENTRAL ESTATAL “FRANCISCO CERVANTES” ACCESO "B" PLANTA BAJA 01/29/2026 DGB 613.0424 / C83 22357 07/03/2026 EJ.2 04/22/2021 General jóvenes y Adultos
    Dewey Decimal Classification   Préstamo en Sala Colección General BFC BIBLIOTECA PÚBLICA CENTRAL ESTATAL “FRANCISCO CERVANTES” BIBLIOTECA PÚBLICA CENTRAL ESTATAL “FRANCISCO CERVANTES” ACCESO "B" PLANTA BAJA 01/29/2026 DGB 613.0424 / C83 22356 11/15/2022 EJ.1 04/22/2021 General jóvenes y Adultos